Effective project management, 2nd edition / (Record no. 346050)
[ view plain ]
| 000 -LEADER | |
|---|---|
| fixed length control field | 02438 a2200205 4500 |
| 020 ## - INTERNATIONAL STANDARD BOOK NUMBER | |
| International Standard Book Number | 0471360287 |
| 020 ## - INTERNATIONAL STANDARD BOOK NUMBER | |
| International Standard Book Number | 9780471360285 |
| 082 04 - DEWEY DECIMAL CLASSIFICATION NUMBER | |
| Classification number | 658.404 |
| 090 ## - LOCALLY ASSIGNED LC-TYPE CALL NUMBER (OCLC); LOCAL CALL NUMBER (RLIN) | |
| -- | 3578 |
| -- | 3578 |
| 100 1# - MAIN ENTRY--PERSONAL NAME | |
| Personal name | Crane, Robert K.; Ph.D. Wysocki; Robert; Jr. Beck; David B. |
| 245 10 - TITLE STATEMENT | |
| Title | Effective project management, 2nd edition / |
| Statement of responsibility, etc. | Robert K.; Ph.D. Wysocki; Robert; Jr. Beck; David B. Crane. |
| 250 ## - EDITION STATEMENT | |
| Edition statement | 2nd ed. |
| 260 ## - PUBLICATION, DISTRIBUTION, ETC. | |
| Place of publication, distribution, etc. | [S.l.] : |
| Name of publisher, distributor, etc. | Wiley, |
| Date of publication, distribution, etc. | 2000. |
| 300 ## - PHYSICAL DESCRIPTION | |
| Extent | 384 p. ; |
| Dimensions | 23 cm. |
| 500 ## - GENERAL NOTE | |
| General note | Paperback. |
| 520 ## - SUMMARY, ETC. | |
| Summary, etc. | Master the project management skills you need to keep up in today's changing business environments. Recommended by the Project Management Institute. With over 80 percent of software projects deemed as failures, the demand for project managers who possess the necessary skills and competencies to succeed is on the rise! The second edition of this bestselling book describes how business environments are changing, how that affects the project manager, and what role project management plays in today's organizations. Written by expert consultants in project management, this book/CD-ROM package uses a simulated real-world scenario to teach you the skills you need to keep your IT project on schedule, within budget, and according to specification. From staging and planning to implementation and completion, you'll learn what it takes to become a world-class project manager. This book shows you how to: * Determine the scope of a project * Estimate the length of a project and determine resource requirements and cost * Construct and analyze the project network diagram * Finalize a schedule based on resource availability * Recruit, organize, and manage a project team * Monitor and control the progress of a project * Close out a successful project The CD-ROM contains interactive files that reinforce the principles and skills discussed in the book. The authors walk you through the book's example scenario and the decisions you would make as the project manager. When you feel you're ready to manage a project on your own, you can practice the skills you've learned with the bonus scenario. Adobe(r) Acrobat Reader Version 4.0 and Microsoft(r) Project98 120-Day Evaluation Edition are also included. |
| 856 40 - ELECTRONIC LOCATION AND ACCESS | |
| Materials specified | Amazon.com |
| Uniform Resource Identifier | <a href="http://www.amazon.com/exec/obidos/ASIN/0471360287/chopaconline-20">http://www.amazon.com/exec/obidos/ASIN/0471360287/chopaconline-20</a> |
| 856 40 - ELECTRONIC LOCATION AND ACCESS | |
| Materials specified | Amazon customer reviews |
| Uniform Resource Identifier | <a href="http://www.chopac.org/cgi-bin/tools/azrev.pl?q=0471360287">http://www.chopac.org/cgi-bin/tools/azrev.pl?q=0471360287</a> |
| 942 ## - ADDED ENTRY ELEMENTS (KOHA) | |
| Institution code [OBSOLETE] | NBS |
| Koha item type | Book |
| Call number prefix | 658.404 WYS |
| Withdrawn status | Lost status | Damaged status | Not for loan | Permanent Location | Current Location | Date acquired | Total Checkouts | Full call number | Barcode | Date last seen | Price effective from | Koha item type |
|---|---|---|---|---|---|---|---|---|---|---|---|---|
| Central Library (CL) | Central Library (CL) | 08/28/2013 | 658.404 WYS | NBS5060 | 08/28/2013 | 08/28/2013 | Book |
